Focus : Abraham Lincoln (QCM) - Statistiques

Statistiques générales
  • Ce quiz a été pris 17 fois
  • Le résultat moyen est 5 sur 12
Statistiques - réponses
Question Réponse % Correct
Quel conflit majeur a marqué sa présidence ? Guerre de Sécession
86%
Avant la politique, quel était son métier principal ? Avocat
79%
Où a-t-il été assassiné ? Théâtre Ford
79%
Combien de mandats Lincoln a-t-il effectués ? 1 et demi
57%
Quel parti représentait-il lors de son élection présidentielle ? Parti Républicain
57%
Dans quel État est-il né ? Kentucky
50%
Quel amendement abolissant l’esclavage a été ratifié sous sa présidence ? 13e
29%
Quel surnom avait-il ? Honest Abe
29%
Qui était son principal adversaire lors de l’élection de 1860 ? Stephen Douglas
29%
Quel célèbre discours a-t-il prononcé en 1863 ? Discours de Gettysburg Address
21%
En quelle année Lincoln a-t-il signé la Proclamation d’émancipation ? 1862
14%
Qui fut son vice-président lors de son premier mandat ? Hannibal Hamlin
7%
Aucun quiz correspondant
Distribution des résultats
% des personnes avec chaque résultat
Percentile par nombre de réponses
Votre historique - résultats
Vous n’avez pas pris ce quiz